000 00945nas a2200289 4500
001 BR2014006613
003 BR-BrBNA
005 20231205124638.0
007 ta
008 230509b bl.|||p| |||| 00| 00por d
040 _aBR-BrBNA
_bpor
_cBiblioteca Nacional de Agricultura
041 _a(Pt)
072 _aU40; U10
100 1 _aBezerra, J.M.
100 1 _aMoura, G.B. de A.
100 1 _aSilva, B.B. da
100 1 _aLopes, P.M.O.
100 1 _aSilva, E.F. de F. e
245 1 _aParâmetros biofísicos obtidos por sensoriamento remoto em região semiárida do estado do Rio Grande do Norte, Brasil
650 _aSATÉLITE
650 _aUSO DA TERRA
650 _aCLIMATOLOGIA
650 _aMODELO DE SIMULAÇÃO
773 0 _tRevista Brasileira de Engenharia Agrícola e Ambiental (Brazil)
_xISSN 1415-4366
_g(Jan 2014), V. 18(1) p. 73-84
_wBR2014006613
909 _a202311
_bLúcia
_c55
_dLúcia Elande
942 _2AGRIS
_n0
_cANA
999 _c240151
_d240151